000
00226nam a2200085Ia 4500
008
170617s9999 xx 000 0 und d
100
_a
CHATWAL- GURDEEP
245
0
_a
INSTRUMENTAL METHODS OF CHEMICAL ANALYSIS
260
_b
NEW DELHI- HIMALYA
260
_c
2012
999
_c
15542
_d
15542